000 00302nam a22001337a 4500
008 170327b xxu||||| |||| 00| 0 eng d
020 _a0323016804
041 _aeng
080 _25TH
_a615.83
100 _a8
101 _aSHM
245 _aGUIDE TO PHYSICAL EXAMINATION
_cSEIDEL, H.M
942 _2udc
_cBK
999 _c8694
_d8694